[Event "Huaian IMSA Basque (Women) 2nd"]
[Site "Huaian"]
[Date "2017.12.14"]
[Round "3.2"]
[White "Ju, Wenjun"]
[Black "Kosteniuk, Alexandra"]
[Result "1/2-1/2"]
[WhiteElo "2567"]
[BlackElo "2557"]
[PlyCount "61"]
[EventDate "2017.12.14"]
[EventType "swiss (rapid)"]
[EventRounds "5"]
[EventCountry "CHN"]
[SourceTitle "CBM 182 Extra"]
[Source "ChessBase"]
[SourceDate "2018.02.23"]
[SourceVersion "1"]
[SourceVersionDate "2018.02.23"]
[SourceQuality "1"]

1. Nf3 Nf6 2. g3 b6 3. Bg2 Bb7 4. O-O e6 5. c4 Be7 6. Nc3 O-O 7. Re1 d5 8. cxd5
exd5 9. d4 c5 10. Bf4 Na6 11. Ne5 Ne4 12. dxc5 Bxc5 13. Nxe4 dxe4 14. Nd7 Re8
15. Nxc5 Nxc5 16. Be3 Qe7 17. Rc1 Rac8 18. Qd2 Qe6 19. b3 Nd7 20. Red1 Nf6 21.
Bd4 Nd5 22. Qb2 f6 23. Rxc8 Rxc8 24. Rc1 Rd8 25. h3 Qe7 26. a3 Nc7 27. Be3 Nd5
28. Bd4 Nc7 29. Be3 Nd5 30. Bd4 Nc7 31. Be3 1/2-1/2

[Event "Huaian IMSA Basque (Women) 2nd"]
[Site "Huaian"]
[Date "2017.12.15"]
[Round "4.1"]
[White "Kosteniuk, Alexandra"]
[Black "Muzychuk, Anna"]
[Result "1/2-1/2"]
[WhiteElo "2557"]
[BlackElo "2582"]
[PlyCount "70"]
[EventDate "2017.12.14"]
[EventType "swiss (rapid)"]
[EventRounds "5"]
[EventCountry "CHN"]
[SourceTitle "CBM 182 Extra"]
[Source "ChessBase"]
[SourceDate "2018.02.23"]
[SourceVersion "1"]
[SourceVersionDate "2018.02.23"]
[SourceQuality "1"]

1. d4 f5 2. c4 Nf6 3. Nf3 g6 4. g3 Bg7 5. Bg2 O-O 6. O-O d6 7. Nc3 c6 8. d5 e5
9. dxe6 Bxe6 10. Qd3 Qe7 11. b3 Ne4 12. Bb2 Na6 13. Nd4 Nac5 14. Qd1 Bf7 15.
Nxe4 Nxe4 16. Qc2 d5 17. cxd5 Bxd5 18. Nf3 Bxb2 19. Qxb2 f4 20. Rac1 Rae8 21.
Qd4 a6 22. Rfe1 g5 23. Nd2 fxg3 24. fxg3 Qe5 25. Qxe5 Rxe5 26. Nxe4 Bxe4 27.
Bxe4 Rxe4 28. Rcd1 Rfe8 29. Kf2 Rf8+ 30. Kg2 Rfe8 31. Rd2 g4 32. Kf2 Rf8+ 33.
Kg2 Rfe8 34. Kf2 Rf8+ 35. Kg2 Rfe8 1/2-1/2

[Event "Huaian IMSA Basque (Women) 2nd"]
[Site "Huaian"]
[Date "2017.12.15"]
[Round "4.2"]
[White "Muzychuk, Anna"]
[Black "Kosteniuk, Alexandra"]
[Result "1-0"]
[WhiteElo "2582"]
[BlackElo "2557"]
[PlyCount "67"]
[EventDate "2017.12.14"]
[EventType "swiss (rapid)"]
[EventRounds "5"]
[EventCountry "CHN"]
[SourceTitle "CBM 182 Extra"]
[Source "ChessBase"]
[SourceDate "2018.02.23"]
[SourceVersion "1"]
[SourceVersionDate "2018.02.23"]
[SourceQuality "1"]

1. e4 e5 2. Nf3 Nc6 3. Bb5 a6 4. Ba4 Nf6 5. O-O Be7 6. Re1 b5 7. Bb3 O-O 8. c3
d6 9. h3 h6 10. d4 Re8 11. Nbd2 Bf8 12. a3 Bb7 13. Bc2 Nb8 14. b4 Nbd7 15. Bb2
Nb6 16. dxe5 dxe5 17. c4 Nxc4 18. Nxc4 bxc4 19. Nxe5 c5 20. Nxc4 Nxe4 21. Qg4
Qc8 22. Qf4 Ng5 23. h4 Nh3+ 24. gxh3 Qxh3 25. Be4 Re6 26. Ne5 Bxe4 27. Rxe4 Rf6
28. Qg3 Qf5 29. Rae1 Re8 30. bxc5 Bxc5 31. Ng4 Bxf2+ 32. Qxf2 Qxf2+ 33. Nxf2
Rg6+ 34. Kf1 1-0

[Event "Huaian IMSA Basque (Women) 2nd"]
[Site "Huaian"]
[Date "2017.12.15"]
[Round "5.1"]
[White "Kosteniuk, Alexandra"]
[Black "Stefanova, Antoaneta"]
[Result "1/2-1/2"]
[WhiteElo "2557"]
[BlackElo "2500"]
[PlyCount "137"]
[EventDate "2017.12.14"]
[EventType "swiss (rapid)"]
[EventRounds "5"]
[EventCountry "CHN"]
[SourceTitle "CBM 182 Extra"]
[Source "ChessBase"]
[SourceDate "2018.02.23"]
[SourceVersion "1"]
[SourceVersionDate "2018.02.23"]
[SourceQuality "1"]

1. d4 d5 2. c4 c6 3. cxd5 cxd5 4. Bf4 Nf6 5. Nc3 Nc6 6. e3 a6 7. Bd3 Bg4 8. Nf3
e6 9. O-O Be7 10. h3 Bh5 11. Rc1 O-O 12. a3 Na5 13. g4 Bg6 14. Ne5 Bxd3 15.
Qxd3 Nd7 16. e4 Nxe5 17. Bxe5 dxe4 18. Nxe4 Nc6 19. Rfd1 Qd5 20. Nc3 Qb3 21.
Qc2 Qxc2 22. Rxc2 Rfd8 23. Rcd2 Bg5 24. Rd3 Nxe5 25. dxe5 Rxd3 26. Rxd3 Bf4 27.
Na4 Bxe5 28. Nb6 Re8 29. Rd7 Bxb2 30. Nc4 Bc3 31. Rxb7 Bd4 32. Rd7 e5 33. Rd6
Ra8 34. Nb6 Rb8 35. Nc4 Ra8 36. Nb6 Bxb6 37. Rxb6 f6 38. a4 Kf7 39. Kg2 a5 40.
Kf3 Kg6 41. Rb5 h5 42. Kg3 hxg4 43. hxg4 Ra7 44. f3 Kf7 45. Kf2 Ke6 46. Ke3 Ra6
47. Ke4 g6 48. Rc5 f5+ 49. gxf5+ gxf5+ 50. Ke3 Kd6 51. Rb5 Ke6 52. Rc5 Kf6 53.
Rb5 Ke6 54. Rc5 Rb6 55. Rxa5 Rb3+ 56. Ke2 f4 57. Rc5 Re3+ 58. Kf2 Ra3 59. a5
Kd6 60. Rb5 Ra2+ 61. Ke1 Ra3 62. Ke2 Re3+ 63. Kf2 Ra3 64. Ke2 Re3+ 65. Kf2 Ra3
66. Ke2 Re3+ 67. Kf2 Ra3 68. Ke2 Re3+ 69. Kf2 1/2-1/2

[Event "Huaian IMSA Basque (Women) 2nd"]
[Site "Huaian"]
[Date "2017.12.15"]
[Round "5.2"]
[White "Stefanova, Antoaneta"]
[Black "Kosteniuk, Alexandra"]
[Result "0-1"]
[WhiteElo "2500"]
[BlackElo "2557"]
[PlyCount "146"]
[EventDate "2017.12.14"]
[EventType "swiss (rapid)"]
[EventRounds "5"]
[EventCountry "CHN"]
[SourceTitle "CBM 182 Extra"]
[Source "ChessBase"]
[SourceDate "2018.02.23"]
[SourceVersion "1"]
[SourceVersionDate "2018.02.23"]
[SourceQuality "1"]

1. d4 Nf6 2. Nf3 e6 3. e3 b6 4. Bd3 Bb7 5. c4 Be7 6. Nc3 d5 7. cxd5 exd5 8. O-O
O-O 9. b3 c5 10. Bb2 Nc6 11. dxc5 bxc5 12. Rc1 Rc8 13. Na4 Ne4 14. Bb1 Bd6 15.
Qe2 Qe7 16. Rfd1 Rfd8 17. Ba1 f5 18. Nc3 d4 19. Nb5 Bb8 20. exd4 a6 21. Nc3 Bf4
22. Nxe4 fxe4 23. Bxe4 Bxc1 24. Rxc1 Kh8 25. dxc5 Nb4 26. Ne5 Re8 27. Bxb7 Qxb7
28. h3 Qd5 29. Qh5 Kg8 30. Rc4 Nc6 31. f4 Nxe5 32. Bxe5 Red8 33. Qg5 Rd7 34.
Rd4 Qxc5 35. Kh2 Rf7 36. Qg4 Re8 37. Rc4 Qd5 38. Qg3 a5 39. Rd4 Qb5 40. a4 Qb7
41. Qd3 h6 42. Rd6 Qc8 43. Qg3 Kh7 44. Rd5 Qa8 45. Qd3+ Kg8 46. Rd6 Qb7 47. Qc3
Rc8 48. Qg3 Kh7 49. Qd3+ Kg8 50. Qg3 Kh7 51. Qg6+ Kg8 52. Qg4 Kh7 53. f5 Re8
54. Rxh6+ Kg8 55. Re6 Rxe6 56. fxe6 Rf2 57. Qg3 Re2 58. h4 Qe7 59. h5 Re4 60.
Bc3 Rh4+ 61. Kg1 Qc5+ 62. Kf1 Qf5+ 63. Kg1 Qc5+ 64. Kf1 Rh1+ 65. Ke2 Qxh5+ 66.
Ke3 Qc5+ 67. Bd4 Qc1+ 68. Ke4 Qc6+ 69. Kf5 Rf1+ 70. Kg5 Qxe6 71. Qb8+ Rf8 72.
Qa7 Rf5+ 73. Kh4 Qh6+ 0-1

[Event "Wch Rapid (Women)"]
[Site "Riadh"]
[Date "2017.12.26"]
[Round "1"]
[White "Kosteniuk, Alexandra"]
[Black "Berend, Elvira S"]
[Result "1-0"]
[WhiteElo "2557"]
[BlackElo "2303"]
[PlyCount "133"]
[EventDate "2017.12.26"]
[EventType "swiss (rapid)"]
[EventRounds "15"]
[EventCountry "SAU"]
[SourceTitle "CBM 182 Extra"]
[Source "ChessBase"]
[SourceDate "2018.02.23"]
[SourceVersion "1"]
[SourceVersionDate "2018.02.23"]
[SourceQuality "1"]

1. e4 e5 2. Bc4 Nc6 3. Nc3 Nf6 4. d3 Na5 5. Nge2 Nxc4 6. dxc4 d6 7. O-O Be7 8.
Ng3 O-O 9. b3 Be6 10. Qd3 c6 11. Rd1 Qc7 12. h3 Rfd8 13. Qf3 h6 14. Rd3 a6 15.
Nf5 Bxf5 16. Qxf5 Qd7 17. Qf3 Qe6 18. a4 b6 19. Be3 Rdb8 20. Rdd1 Nd7 21. Qg3
Nf8 22. h4 Qg6 23. Qxg6 Nxg6 24. g3 Rb7 25. h5 Nf8 26. Kg2 Ne6 27. Rd3 Rf8 28.
Rad1 Rbb8 29. Ne2 b5 30. cxb5 axb5 31. axb5 Rxb5 32. Ra1 Rfb8 33. Nc3 R5b7 34.
Ra6 Rc8 35. Na4 Rb4 36. Nb6 Rb8 37. Nc4 Rc8 38. Nxd6 Bxd6 39. Rxd6 Rxe4 40.
Raxc6 Ra8 41. Ra6 Rc8 42. c4 Nd4 43. Bxd4 exd4 44. Kf3 Re5 45. Rxd4 Rb8 46. Rd3
Rxh5 47. Ke2 Rf5 48. Rad6 Kh7 49. f4 Ra5 50. Kd2 Ra2+ 51. Kc3 Ra3 52. Kb2 Rba8
53. Rd8 R8a6 54. R8d6 Ra8 55. c5 Ra2+ 56. Kc3 Ra1 57. Kc4 Rb8 58. b4 Rb1 59.
Rb6 Re8 60. Rb7 g5 61. fxg5 hxg5 62. Rxf7+ Kg6 63. Rfd7 Kf5 64. R7d5+ Kg4 65.
R5d4+ Kh5 66. Rb3 Rc1+ 67. Rc3 1-0

[Event "Wch Rapid (Women)"]
[Site "Riadh"]
[Date "2017.12.26"]
[Round "2"]
[White "Girya, Olga"]
[Black "Kosteniuk, Alexandra"]
[Result "1/2-1/2"]
[WhiteElo "2484"]
[BlackElo "2557"]
[PlyCount "107"]
[EventDate "2017.12.26"]
[EventType "swiss (rapid)"]
[EventRounds "15"]
[EventCountry "SAU"]
[SourceTitle "CBM 182 Extra"]
[Source "ChessBase"]
[SourceDate "2018.02.23"]
[SourceVersion "1"]
[SourceVersionDate "2018.02.23"]
[SourceQuality "1"]

1. d4 Nf6 2. c4 e6 3. Nf3 c5 4. d5 b5 5. Bg5 b4 6. e4 d6 7. Bd3 Be7 8. O-O O-O
9. Nbd2 e5 10. a3 Nbd7 11. Be3 Ng4 12. h3 Nxe3 13. fxe3 a5 14. a4 g6 15. Nh2
Nf6 16. Qc2 Ne8 17. Rf3 Ng7 18. g4 Bh4 19. Ndf1 Qg5 20. Qg2 h5 21. Nd2 Bd7 22.
b3 Qh6 23. Kf1 Kh8 24. Ke2 f6 25. Rg1 Rf7 26. Rff1 Bg5 27. Rf3 h4 28. Qf2 Raf8
29. Qg2 Ne8 30. Rgf1 Rg8 31. Qf2 Ng7 32. Kd1 Rgf8 33. Kc2 f5 34. gxf5 gxf5 35.
exf5 Bxf5 36. Bxf5 Nxf5 37. Ng4 Nxe3+ 38. Qxe3 Bxe3 39. Nxh6 Rxf3 40. Rxf3 Bxh6
41. Rxf8+ Bxf8 42. Kd3 Kg7 43. Nf3 Be7 44. Ke4 Kg6 45. Nh2 Bg5 46. Nf3 Kf6 47.
Nh2 Bf4 48. Ng4+ Kg6 49. Nf2 Bg3 50. Ng4 Bf4 51. Nf2 Bg3 52. Ng4 Bf4 53. Nf2
Bg3 54. Ng4 1/2-1/2

[Event "Wch Rapid (Women)"]
[Site "Riadh"]
[Date "2017.12.26"]
[Round "3"]
[White "Kosteniuk, Alexandra"]
[Black "Ding, Yixin"]
[Result "1/2-1/2"]
[WhiteElo "2557"]
[BlackElo "2424"]
[PlyCount "132"]
[EventDate "2017.12.26"]
[EventType "swiss (rapid)"]
[EventRounds "15"]
[EventCountry "SAU"]
[SourceTitle "CBM 182 Extra"]
[Source "ChessBase"]
[SourceDate "2018.02.23"]
[SourceVersion "1"]
[SourceVersionDate "2018.02.23"]
[SourceQuality "1"]

1. e4 e6 2. d4 d5 3. Nc3 dxe4 4. Nxe4 Bd7 5. Nf3 Bc6 6. Bd3 Nd7 7. O-O Ngf6 8.
Ng3 Bxf3 9. Qxf3 c6 10. c4 Be7 11. b3 Qa5 12. Bc2 O-O 13. Bb2 Ba3 14. Qc3 Qxc3
15. Bxc3 a5 16. Rab1 Be7 17. Bd3 Rfd8 18. Rfd1 b6 19. Ne4 Rac8 20. Ng5 Nb8 21.
Nf3 Na6 22. Rb2 Bb4 23. Bxb4 axb4 24. Rbd2 Kf8 25. Bb1 Rd6 26. Kf1 Rcd8 27. Ke2
c5 28. h3 Nb8 29. dxc5 Rxd2+ 30. Rxd2 Rxd2+ 31. Kxd2 bxc5 32. Ne5 Ke7 33. Kc2
Nfd7 34. Nd3 e5 35. Kb2 Nc6 36. a3 bxa3+ 37. Kxa3 e4 38. Nf4 f5 39. f3 exf3 40.
gxf3 g6 41. Nd5+ Kd6 42. f4 Nf8 43. Nf6 Ne6 44. Nxh7 Nxf4 45. h4 Ke5 46. Nf8
Kd4 47. Ka4 Ne2 48. Kb5 Ne7 49. Nxg6 Nxg6 50. Bxf5 Nc3+ 51. Ka5 Nxh4 52. b4
Nxf5 53. bxc5 Kxc5 54. Ka6 Nd6 55. Ka5 Nb7+ 56. Ka6 Kc6 57. c5 Nd5 58. Ka7 Nc7
59. Kb8 Ne6 60. Kc8 Ng7 61. Kb8 Nf5 62. Kc8 Ne7+ 63. Kb8 Nd8 64. Ka7 Ne6 65.
Ka6 Nxc5+ 66. Ka5 Nd5 1/2-1/2

[Event "Wch Rapid (Women)"]
[Site "Riadh"]
[Date "2017.12.26"]
[Round "4"]
[White "Kosteniuk, Alexandra"]
[Black "Mamedjarova, Turkan"]
[Result "1-0"]
[WhiteElo "2557"]
[BlackElo "2260"]
[PlyCount "63"]
[EventDate "2017.12.26"]
[EventType "swiss (rapid)"]
[EventRounds "15"]
[EventCountry "SAU"]
[SourceTitle "CBM 182 Extra"]
[Source "ChessBase"]
[SourceDate "2018.02.23"]
[SourceVersion "1"]
[SourceVersionDate "2018.02.23"]
[SourceQuality "1"]

1. e4 e5 2. Bc4 Nc6 3. Nc3 Nf6 4. d3 Be7 5. f4 d6 6. Nf3 Bg4 7. O-O Nd4 8. fxe5
Bxf3 9. gxf3 dxe5 10. f4 Bd6 11. Ne2 Nxe2+ 12. Qxe2 Qd7 13. fxe5 Bxe5 14. c3 b5
15. Bb3 c5 16. Rf5 Qc7 17. d4 cxd4 18. Qxb5+ Nd7 19. Bxf7+ Ke7 20. Qd5 Bxh2+
21. Kh1 h6 22. cxd4 Qd6 23. e5 Qc7 24. Bg6 Raf8 25. Rf7+ Rxf7 26. Qxf7+ Kd8 27.
Kxh2 Rf8 28. Qd5 Qb6 29. e6 Qc7+ 30. Kg2 Rf2+ 31. Kxf2 Qh2+ 32. Kf1 1-0

[Event "Wch Rapid (Women)"]
[Site "Riadh"]
[Date "2017.12.26"]
[Round "5"]
[White "Lei, Tingjie"]
[Black "Kosteniuk, Alexandra"]
[Result "1/2-1/2"]
[WhiteElo "2528"]
[BlackElo "2557"]
[PlyCount "143"]
[EventDate "2017.12.26"]
[EventType "swiss (rapid)"]
[EventRounds "15"]
[EventCountry "SAU"]
[SourceTitle "CBM 182 Extra"]
[Source "ChessBase"]
[SourceDate "2018.02.23"]
[SourceVersion "1"]
[SourceVersionDate "2018.02.23"]
[SourceQuality "1"]

1. e4 e5 2. Nf3 Nc6 3. Bb5 a6 4. Ba4 Nf6 5. O-O Be7 6. Re1 b5 7. Bb3 d6 8. c3
O-O 9. h3 h6 10. d4 Re8 11. Nbd2 Bb7 12. Nf1 Bf8 13. d5 Na5 14. Bc2 Nc4 15. Ng3
c6 16. dxc6 Bxc6 17. b3 Nb6 18. Bb2 Qc7 19. Qe2 d5 20. exd5 Nbxd5 21. c4 Nf4
22. Qe3 Qb7 23. Ne4 Nxe4 24. Bxe4 Bc5 25. Qxc5 Bxe4 26. Nxe5 Bxg2 27. Qd4 Nxh3+
28. Kh2 Ng5 29. Qg4 Bh3 30. Qg3 f6 31. f4 Ne4 32. Qxh3 fxe5 33. Bxe5 Rad8 34.
Re2 Nd2 35. Re3 bxc4 36. Rg1 Rxe5 37. fxe5 Rf8 38. Qg4 Nf1+ 39. Rxf1 Rxf1 40.
Qxc4+ Qf7 41. Qxf7+ Kxf7 42. Kg2 Rf5 43. Re4 a5 44. Re3 Ke6 45. Rg3 Rf7 46.
Rg6+ Kxe5 47. Ra6 Kf4 48. Rxa5 g5 49. Rc5 Rd7 50. Rc4+ Kf5 51. Rc5+ Kg4 52.
Rc4+ Kh5 53. a4 Rd2+ 54. Kf1 Ra2 55. Re4 g4 56. Re2 Ra1+ 57. Kg2 Rb1 58. a5 Ra1
59. b4 Kg5 60. Rb2 h5 61. b5 h4 62. b6 h3+ 63. Kg3 Ra3+ 64. Kh2 Kh4 65. Rb4
Ra2+ 66. Kh1 Ra1+ 67. Kh2 Ra2+ 68. Kh1 Ra1+ 69. Kh2 Ra2+ 70. Kh1 Ra1+ 71. Kh2
Ra2+ 72. Kh1 1/2-1/2

[Event "Wch Rapid (Women)"]
[Site "Riadh"]
[Date "2017.12.27"]
[Round "7"]
[White "Pham, Le Thao Nguyen"]
[Black "Kosteniuk, Alexandra"]
[Result "1/2-1/2"]
[WhiteElo "2354"]
[BlackElo "2557"]
[PlyCount "44"]
[EventDate "2017.12.26"]
[EventType "swiss (rapid)"]
[EventRounds "15"]
[EventCountry "SAU"]
[SourceTitle "CBM 182 Extra"]
[Source "ChessBase"]
[SourceDate "2018.02.23"]
[SourceVersion "1"]
[SourceVersionDate "2018.02.23"]
[SourceQuality "1"]

1. d4 Nf6 2. Bf4 e6 3. e3 d5 4. Nd2 c5 5. c3 Nc6 6. Ngf3 Bd6 7. Bg3 O-O 8. Bb5
Bxg3 9. hxg3 Qb6 10. Qa4 cxd4 11. exd4 e5 12. dxe5 Ng4 13. O-O Ncxe5 14. Nxe5
Nxe5 15. Rae1 Ng4 16. Nf3 Bf5 17. Qb3 Be4 18. Bd7 Nf6 19. Bb5 Ng4 20. Bd7 Nf6
21. Bb5 Ng4 22. Bd7 Nf6 1/2-1/2

[Event "Wch Rapid (Women)"]
[Site "Riadh"]
[Date "2017.12.27"]
[Round "8"]
[White "Doluhanova, Evgeniya"]
[Black "Kosteniuk, Alexandra"]
[Result "0-1"]
[WhiteElo "2352"]
[BlackElo "2557"]
[PlyCount "80"]
[EventDate "2017.12.26"]
[EventType "swiss (rapid)"]
[EventRounds "15"]
[EventCountry "SAU"]
[SourceTitle "CBM 182 Extra"]
[Source "ChessBase"]
[SourceDate "2018.02.23"]
[SourceVersion "1"]
[SourceVersionDate "2018.02.23"]
[SourceQuality "1"]

1. d4 Nf6 2. Bf4 e6 3. e3 d5 4. Nd2 c5 5. c3 Nc6 6. Ngf3 Bd6 7. Bg3 O-O 8. Bd3
b6 9. O-O Bb7 10. Ne5 Ne7 11. Qc2 c4 12. Be2 b5 13. Bh4 Ne4 14. Bxe7 Qxe7 15.
f4 Nxd2 16. Qxd2 f6 17. Nf3 Bc6 18. Qc2 a5 19. Nd2 e5 20. Rae1 exf4 21. exf4
Qe3+ 22. Kh1 Bxf4 23. Nxc4 bxc4 24. Bh5 Qd2 25. Qf5 Bxh2 26. Kxh2 Qh6 27. Rf3
Qg5 28. Qe6+ Kh8 29. Qxc6 Qxh5+ 30. Rh3 Qg5 31. Re7 Rab8 32. Rg3 Qh4+ 33. Rh3
Qf4+ 34. Rg3 Rxb2 35. Rexg7 Qh6+ 36. Kg1 Rb1+ 37. Kf2 Qd2+ 38. Kf3 Qxc3+ 39.
Kg4 Qxd4+ 40. Kh5 Rh1+ 0-1

[Event "Wch Rapid (Women)"]
[Site "Riadh"]
[Date "2017.12.27"]
[Round "9"]
[White "Kosteniuk, Alexandra"]
[Black "Guo, Qi"]
[Result "1/2-1/2"]
[WhiteElo "2557"]
[BlackElo "2396"]
[PlyCount "82"]
[EventDate "2017.12.26"]
[EventType "swiss (rapid)"]
[EventRounds "15"]
[EventCountry "SAU"]
[SourceTitle "CBM 182 Extra"]
[Source "ChessBase"]
[SourceDate "2018.02.23"]
[SourceVersion "1"]
[SourceVersionDate "2018.02.23"]
[SourceQuality "1"]

1. e4 c6 2. Nc3 d5 3. Nf3 Bg4 4. Be2 Nf6 5. h3 Bxf3 6. Bxf3 e6 7. O-O Nbd7 8.
exd5 cxd5 9. d4 Bd6 10. Nb5 Bb8 11. c4 a6 12. Na3 O-O 13. g3 dxc4 14. Nxc4 Nd5
15. a4 N7f6 16. Qb3 Ba7 17. Rd1 Rb8 18. Rd3 Qe7 19. Bd2 Rfd8 20. Re1 h6 21. Ne5
Qd6 22. Bg2 b5 23. Rc1 Rdc8 24. Rxc8+ Rxc8 25. axb5 Bxd4 26. Nc6 Bc5 27. Bf4
Qd7 28. Be5 axb5 29. Bxf6 Qxc6 30. Bxd5 exd5 31. Bd4 Bxd4 32. Rxd4 Rd8 33. Qc3
Qd6 34. Qd3 Qc5 35. Kg2 g6 36. Qc3 Qxc3 37. bxc3 Kg7 38. Rb4 Rb8 39. Rd4 Rd8
40. Rb4 Rb8 41. Rd4 Rd8 1/2-1/2

[Event "Wch Rapid (Women)"]
[Site "Riadh"]
[Date "2017.12.27"]
[Round "10"]
[White "Paehtz, Elisabeth"]
[Black "Kosteniuk, Alexandra"]
[Result "1/2-1/2"]
[WhiteElo "2464"]
[BlackElo "2557"]
[PlyCount "84"]
[EventDate "2017.12.26"]
[EventType "swiss (rapid)"]
[EventRounds "15"]
[EventCountry "SAU"]
[SourceTitle "CBM 182 Extra"]
[Source "ChessBase"]
[SourceDate "2018.02.23"]
[SourceVersion "1"]
[SourceVersionDate "2018.02.23"]
[SourceQuality "1"]

1. e4 e5 2. Nf3 Nc6 3. Bb5 a6 4. Ba4 Nf6 5. O-O Be7 6. d3 b5 7. Bb3 d6 8. a3
O-O 9. Nc3 Bg4 10. Be3 Kh8 11. h3 Be6 12. Nd5 Na5 13. Ba2 Nxd5 14. exd5 Bd7 15.
b4 Nb7 16. c4 a5 17. c5 dxc5 18. bxc5 Bxc5 19. Nxe5 Bxe3 20. fxe3 Nd6 21. Qh5
Qe8 22. e4 f6 23. Qxe8 Bxe8 24. Nf3 b4 25. Nd4 Bb5 26. Rfd1 Rfb8 27. Rd2 bxa3
28. Rc1 Ra7 29. Rc3 Bd7 30. Rxa3 Rb4 31. Ne6 a4 32. Rc3 Nb5 33. Rc4 Rxc4 34.
dxc4 Nc3 35. Nc5 Be8 36. Rc2 Nxa2 37. Rxa2 Kg8 38. Ra3 Ra5 39. Nb7 Ra7 40. Nc5
Ra5 41. Nb7 Ra7 42. Nc5 Ra5 1/2-1/2

[Event "Wch Rapid (Women)"]
[Site "Riadh"]
[Date "2017.12.27"]
[Round "11"]
[White "Kosteniuk, Alexandra"]
[Black "Goryachkina, Aleksandra"]
[Result "1/2-1/2"]
[WhiteElo "2557"]
[BlackElo "2486"]
[PlyCount "74"]
[EventDate "2017.12.26"]
[EventType "swiss (rapid)"]
[EventRounds "15"]
[EventCountry "SAU"]
[SourceTitle "CBM 182 Extra"]
[Source "ChessBase"]
[SourceDate "2018.02.23"]
[SourceVersion "1"]
[SourceVersionDate "2018.02.23"]
[SourceQuality "1"]

1. e4 Nf6 2. e5 Nd5 3. d4 d6 4. Nf3 Bf5 5. c4 Nb4 6. Qa4+ N8c6 7. Na3 e6 8. Bg5
Be7 9. Bxe7 Qxe7 10. exd6 Qxd6 11. Be2 O-O 12. O-O Nd3 13. c5 Qd7 14. Bxd3 Bxd3
15. Rfe1 Rad8 16. Rad1 Bg6 17. h3 Bh5 18. g4 Bg6 19. Qb3 b6 20. Nc4 Qd5 21.
Nce5 Qxb3 22. axb3 Nb4 23. Nxg6 hxg6 24. Rd2 Rd5 25. Rc1 Rfd8 26. cxb6 cxb6 27.
Re2 a5 28. Rc7 R5d7 29. Rc4 Kf8 30. Kg2 Rd5 31. Kg3 Ke7 32. h4 Ke8 33. Rc7 R8d7
34. Rc8+ Rd8 35. Rc7 R8d7 36. Rc8+ Rd8 37. Rc7 R8d7 1/2-1/2

[Event "Wch Rapid (Women)"]
[Site "Riadh"]
[Date "2017.12.28"]
[Round "12"]
[White "Abdumalik, Zhansaya"]
[Black "Kosteniuk, Alexandra"]
[Result "0-1"]
[WhiteElo "2449"]
[BlackElo "2557"]
[PlyCount "123"]
[EventDate "2017.12.26"]
[EventType "swiss (rapid)"]
[EventRounds "15"]
[EventCountry "SAU"]
[SourceTitle "CBM 182 Extra"]
[Source "ChessBase"]
[SourceDate "2018.02.23"]
[SourceVersion "1"]
[SourceVersionDate "2018.02.23"]
[SourceQuality "1"]

1. e4 c5 2. Nf3 d6 3. d4 cxd4 4. Nxd4 Nf6 5. Nc3 Nc6 6. Bg5 e6 7. Qd2 a6 8.
O-O-O h6 9. Be3 Bd7 10. f3 b5 11. Kb1 Be7 12. Nxc6 Bxc6 13. g4 Qc7 14. Bd3 Nd7
15. Ne2 Ne5 16. Nd4 Bb7 17. g5 h5 18. Rhf1 Rc8 19. g6 Nxg6 20. f4 Nf8 21. f5 e5
22. f6 Bxf6 23. Nf5 Rd8 24. Qb4 Ne6 25. Be2 O-O 26. Bxh5 a5 27. Qd2 Bxe4 28.
Nxd6 Rxd6 29. Qxd6 Bxc2+ 30. Ka1 Bxd1 31. Qxc7 Nxc7 32. Rxd1 Rd8 33. Bb6 Rxd1+
34. Bxd1 Ne6 35. Bxa5 e4 36. Kb1 Nd4 37. Bb6 Nf3 38. Bc2 Nd2+ 39. Kc1 Nc4 40.
Bc5 Bxb2+ 41. Kb1 Ba3 42. Bd4 Nd2+ 43. Ka1 f5 44. Be3 Nf1 45. Bf4 g5 46. Bxg5
Nxh2 47. Bd1 Bd6 48. Be2 b4 49. Kb2 Kg7 50. Kc2 f4 51. Bc4 Kg6 52. Bd8 Kf5 53.
Kd2 Nf3+ 54. Ke2 Ne5 55. Ba6 f3+ 56. Kf1 e3 57. Bb6 Kf4 58. Bb5 Ng4 59. Ke1 Nh2
60. Bf1 Nxf1 61. Kxf1 e2+ 62. Kf2 0-1

[Event "Wch Rapid (Women)"]
[Site "Riadh"]
[Date "2017.12.28"]
[Round "13"]
[White "Kosteniuk, Alexandra"]
[Black "Ju, Wenjun"]
[Result "1/2-1/2"]
[WhiteElo "2557"]
[BlackElo "2567"]
[PlyCount "98"]
[EventDate "2017.12.26"]
[EventType "swiss (rapid)"]
[EventRounds "15"]
[EventCountry "SAU"]
[SourceTitle "CBM 182 Extra"]
[Source "ChessBase"]
[SourceDate "2018.02.23"]
[SourceVersion "1"]
[SourceVersionDate "2018.02.23"]
[SourceQuality "1"]

1. e4 e5 2. Nf3 Nf6 3. Nxe5 d6 4. Nf3 Nxe4 5. d4 d5 6. Bd3 Bf5 7. O-O Be7 8.
Nbd2 Nxd2 9. Qxd2 Bxd3 10. Qxd3 O-O 11. Re1 c6 12. Re2 Nd7 13. Bf4 Nf6 14. Rae1
Ne4 15. Ne5 f6 16. Nc4 Rf7 17. f3 dxc4 18. Qxe4 Bf8 19. c3 g6 20. b3 cxb3 21.
axb3 Kg7 22. Qd3 Qd7 23. Re6 Re7 24. Rxe7+ Bxe7 25. Qe2 Kf7 26. h4 Re8 27. Qa2
a6 28. Re4 f5 29. b4+ Qd5 30. c4 Qd7 31. c5+ Kg7 32. Be5+ Bf6 33. Bxf6+ Kxf6
34. Rxe8 Qxe8 35. Qd2 Qd7 36. Kf2 Ke6 37. Qe3+ Kf7 38. Qe5 Qd8 39. g3 a5 40.
bxa5 Qxa5 41. g4 fxg4 42. fxg4 Qd2+ 43. Kf3 Qd3+ 44. Kf4 Qd2+ 45. Kf3 Qd3+ 46.
Kf4 Qd2+ 47. Kf3 Qd1+ 48. Kf4 Qd2+ 49. Kf3 Qd1+ 1/2-1/2

[Event "Wch Rapid (Women)"]
[Site "Riadh"]
[Date "2017.12.28"]
[Round "14"]
[White "Kosteniuk, Alexandra"]
[Black "Dzagnidze, Nana"]
[Result "0-1"]
[WhiteElo "2557"]
[BlackElo "2522"]
[PlyCount "132"]
[EventDate "2017.12.26"]
[EventType "swiss (rapid)"]
[EventRounds "15"]
[EventCountry "SAU"]
[SourceTitle "CBM 182 Extra"]
[Source "ChessBase"]
[SourceDate "2018.02.23"]
[SourceVersion "1"]
[SourceVersionDate "2018.02.23"]
[SourceQuality "1"]

1. e4 c5 2. Nf3 e6 3. d4 cxd4 4. Nxd4 Nf6 5. Nc3 Qc7 6. Be2 Nc6 7. Be3 Be7 8.
f4 d6 9. Qd2 O-O 10. O-O-O Nxd4 11. Qxd4 e5 12. Qd3 a6 13. g4 exf4 14. Bxf4 Be6
15. g5 Nd7 16. Bxd6 Bxd6 17. Qxd6 Qa5 18. Qg3 Rac8 19. Kb1 Nb6 20. a3 Qc5 21.
Qd6 Rfe8 22. Qxc5 Rxc5 23. h4 g6 24. Rd4 Nd7 25. Rf1 Kg7 26. Rf2 h6 27. Nd5
hxg5 28. hxg5 Bxd5 29. exd5 b5 30. b4 Rc3 31. Bd3 Nb6 32. Rf1 Rc7 33. Kc1 Re5
34. Rf6 Nxd5 35. Rxa6 Rxg5 36. Bxb5 Ne3 37. Bd3 Rg2 38. c4 Rc8 39. Be4 Rg4 40.
Kd2 Nxc4+ 41. Kd3 Ne5+ 42. Ke3 Rc3+ 43. Kd2 Rh3 44. Rad6 Rxa3 45. Kc2 Rf4 46.
Bb7 Rf2+ 47. Rd2 Ra2+ 48. Kc3 Ra3+ 49. Kc2 Nc4 50. Rxf2 Nxd6 51. Bd5 f5 52. Bb3
Ra7 53. Rd2 Rc7+ 54. Kd3 Ne4 55. Rb2 Kf6 56. Bd5 Ke5 57. Bxe4 fxe4+ 58. Kd2 Rh7
59. b5 Rh2+ 60. Kc3 Rxb2 61. Kxb2 g5 62. Kc3 g4 63. Kd2 g3 64. Ke2 Kd5 65. b6
Kc6 66. Kf1 e3 0-1